• 首页
  • 本馆介绍
  • 公告通知
  • 最新文献
  • 馆藏检索
  • 电子资源
  • 读者导购
  • 参考咨询
  • 我的图书馆
  • 登录
  • 详细信息显示
  • 放入我的书架
  • 预约/预借图书
  • 作者相关作品
  • 分类相关作品
  • 丛书相关作品
  • 出版社相关作品

书目信息

  • 表格格式
  • 工作单格式
  • 卡片格式
题名:
中华人民共和国新刑法实务全书
    
 
作者: 滕炜 , 黄太云 主编
分册:  
出版信息: 北京   警官教育出版社  1997
页数: 54,1414页
开本: 26cm
丛书名:
单 册:
中图分类: D924.04
科图分类:
主题词: 刑法--中国--手册
电子资源:
ISBN: 7-81027-678-6
000 00717nam0 2200229 45
001 0197032481
005 20061101164931.46
010    @a7-81027-678-6@b精装@dCNY298.00
100    @a19970926d1997 kemy0chiy0121 ea
101 0  @achi
102    @aCN@b110000
105    @ay n 000yy
200 10 @a中华人民共和国新刑法实务全书@Azhong hua ren min gong he guo xin xing fa shi wu quan shu@f滕炜,黄太云主编
210    @a北京@c警官教育出版社@d1997
215    @a54,1414页@d26cm
517 1  @a新刑法实务全书@Axin xing fa shi wu quan shu
606    @a刑法@y中国@x手册
690    @aD924.04
701  0 @a滕炜@Ateng wei@4主编
701  0 @a黄太云@Ahuang tai yun@4主编
801  0 @aCN@bTSSF@c20061101
905    @a10447@dD924.04@e155
    
    中华人民共和国新刑法实务全书/滕炜,黄太云主编.-北京:警官教育出版社,1997
    54,1414页;26cm
    
    
    ISBN 7-81027-678-6(精装):CNY298.00
    
●
相关链接 在E读中查询图书 在五车中查询图书 在当当中查询图书 在豆瓣中查询图书


正题名:中华人民共和国新刑法实务全书     索取号:D924.04/155         预约/预借

序号 登录号 条形码 馆藏地/架位号 状态 备注
1 0281756   002817562   第一样本阅览室/ [索取号:D924.04/155] 在馆    
唐山师范学院图书馆 欢迎您!
大连网信软件有限公司© 版权所有